Boku No Hero Academia - Statistics

General Stats
  • This quiz has been taken 514 times
  • The average score is 9 of 15
Answer Stats
Question Answer % Correct
Who was the One For All user before All Might? Nana Shimura
91%
Hitoshi Shinso is a student at UA. What is his quirk? Being able to control anyone who answers his questions
77%
Who does Bakugou inturn with? Best Jeanist
77%
During the provisional liscence exam, an old friend of Aizawa (and teacher of a rival school) is taliking to Aizawa. Her real name is Emi Fukukado. What is her hero name? Ms. Joke
77%
What is the name of the villan who cloned himself so many times that they all started killing each other and the one left standing doesnt know if he is the original of not? Twice
77%
Who does Todoroki inturn with? Endeavour
73%
What does Tomura Shigaraki call the hand on his face? Father
68%
What was Deku's team on the cavalry battle? Uraraka, Tokoyami, Hatsume
68%
What class is Shinso in during the tornenent arc? General Studdies
59%
How do you spell the full name of Kacchan? Katsuki Bakugo or Katsuki Bakugou
59%
Who is not on the Bakugou rescue squad? Asui
55%
Which of these is not a school in the Boku No Hero Academia universe? Sanarahi setsu
50%
How is it explained that some students got into UA like Mineta, Kouta and Hagakure, which all don't have fighting quirks so they couldn't fight the robots? There were switches on the robots that they could sneak up on
45%
Who takes out 120 people in the provisional liscence exam? Inasa
32%
What is the name of the department within the league of villains tasked with attacking the training camp? Vanguard action squad
23%
No matching quizzes found
Score Distribution
Percent of People with Each Score
Percentile by Number Answered
Your Score History
You have not taken this quiz